|
|
|
|
| LEADER |
00000cam a2200000 7i4500 |
| 001 |
0000007453 |
| 002 |
000008012 |
| 005 |
20000330.0 |
| 020 |
|
|
|a 9838932647
|
| 090 |
0 |
0 |
|a F
|b ROZ
|
| 100 |
0 |
|
|a Rozita Mohd Noor
|
| 245 |
1 |
0 |
|a Segaris Luka
|c Rozita Mohd Noor
|
| 260 |
|
|
|a Kuala Lumpur :
|b Creative Enterprise 995
|
| 300 |
|
|
|a 131p. ;
|c 18cm.
|
| 999 |
|
|
|a 052174
|b BUKU
|c PINJAMAN
|e PERPUSTAKAAN KOMUNITI PETALING JAYA
|
| 999 |
|
|
|a 052175
|b BUKU
|c PINJAMAN
|e PERPUSTAKAAN KOMUNITI PETALING JAYA
|
| 999 |
|
|
|a 052176
|b BUKU
|c PINJAMAN
|e PERPUSTAKAAN KOMUNITI PETALING JAYA
|
| 999 |
|
|
|a 055441
|b BUKU
|c FICTION
|e PERPUSTAKAAN KOMUNITI CAW KOTA DAMANSARA
|
| 999 |
|
|
|a 055442
|b BUKU
|c FICTION
|e PERPUSTAKAAN KOMUNITI CAW KOTA DAMANSARA
|